LEADER 01153nlm0 22003611i 450 001 990009799070403321 005 20131204122858.0 010 $a9781444304275$bonline 035 $a000979907 035 $aFED01000979907 035 $a(Aleph)000979907FED01 035 $a000979907 100 $a20131204d2001----km-y0itay0103----ba 101 0 $aeng 135 $adrnn-008mamaa 200 1 $aParticulate gravity currents$bRisorsa elettronica$fedited by William McCaffrey, Ben Kneller, and Jeff Peakall 210 $aOxford ; Malden$cBlackwell Science$d2001 225 1 $aInternational Association Of Sedimentologists$v31 230 $aDocumento elettronico 336 $aTesto 337 $aFormato pdf 610 0 $aGravità 610 0 $aDinamica dei fluidi 676 $a551.303 702 1$aMcCaffrey,$bWilliam 702 1$aKneller,$bB. C. 702 1$aPeakall,$bJeff 801 0$aIT$bUNINA$gREICAT$2UNIMARC 856 4 $zFull text per gli utenti Federico II$uhttp://onlinelibrary.wiley.com/book/10.1002/9781444304275 901 $aEB 912 $a990009799070403321 996 $aParticulate gravity currents$9837320 997 $aUNINA LEADER 03484nam 2200649Ia 450 001 9910450360303321 005 20200520144314.0 010 $a0-520-93863-1 010 $a1-59875-544-7 024 7 $a10.1525/9780520938632 035 $a(CKB)1000000000030792 035 $a(EBL)231928 035 $a(OCoLC)475938395 035 $a(SSID)ssj0000277835 035 $a(PQKBManifestationID)11207632 035 $a(PQKBTitleCode)TC0000277835 035 $a(PQKBWorkID)10240777 035 $a(PQKB)11387259 035 $a(StDuBDS)EDZ0000055936 035 $a(MiAaPQ)EBC231928 035 $a(DE-B1597)519141 035 $a(OCoLC)1110708980 035 $a(DE-B1597)9780520938632 035 $a(Au-PeEL)EBL231928 035 $a(CaPaEBR)ebr10079956 035 $a(OCoLC)437146304 035 $a(EXLCZ)991000000000030792 100 $a20041018d2005 ub 0 101 0 $aeng 135 $aurcn||||||||| 181 $ctxt 182 $cc 183 $acr 200 14$aThe China mystique$b[electronic resource] $ePearl S. Buck, Anna May Wong, Mayling Soong, and the transformation of American Orientalism /$fKaren J. Leong 210 $aBerkeley, Calif. $cUniversity of California Press$d2005 215 $a1 online resource (263 p.) 300 $aDescription based upon print version of record. 311 $a0-520-24423-0 311 $a0-520-24422-2 320 $aIncludes bibliographical references and index. 327 $tFront matter --$tContents --$tIllustrations --$t1. Gendering American Orientalism --$t2. Pearl Sydenstricker Buck --$t3. Anna May Wong --$t4. Mayling Soong --$t5. Transforming American National Identity- The China Mystique --$tNotes --$tBibliography --$tAcknowledgments --$tIndex 330 $aThroughout the history of the United States, images of China have populated the American imagination. Always in flux, these images shift rapidly, as they did during the early decades of the twentieth century. In this erudite and original study, Karen J. Leong explores the gendering of American orientalism during the 1930's and 1940's. Focusing on three women who were popularly and publicly associated with China-Pearl S. Buck, Anna May Wong, and Mayling Soong-Leong shows how each negotiated what it meant to be American, Chinese American, and Chinese against the backdrop of changes in the United States as a national community and as an international power. The China Mystique illustrates how each of these women encountered the possibilities as well as the limitations of transnational status in attempting to shape her own opportunities. During these two decades, each woman enjoyed expanding visibility due to an increasingly global mass culture, rising nationalism in Asia, the emergence of the United States from the shadows of imperialism to world power, and the more assertive participation of women in civic and consumer culture. 517 3 $aPearl S. Buck, Anna May Wong, Mayling Soong, and the transformation of American Orientalism 606 $aInternational relations 607 $aUnited States$xRelations$zChina 607 $aChina$xRelations$zUnited States 608 $aElectronic books. 615 0$aInternational relations. 676 $a305.48/8951073/0922 700 $aLeong$b Karen J.$f1968-$01053268 801 0$bMiAaPQ 801 1$bMiAaPQ 801 2$bMiAaPQ 906 $aBOOK 912 $a9910450360303321 996 $aThe China mystique$92485093 997 $aUNINA LEADER 04544nam 2201057z- 450 001 9910595070003321 005 20220916 035 $a(CKB)5680000000080830 035 $a(oapen)https://directory.doabooks.org/handle/20.500.12854/92031 035 $a(oapen)doab92031 035 $a(EXLCZ)995680000000080830 100 $a20202209d2022 |y 0 101 0 $aeng 135 $aurmn|---annan 181 $ctxt$2rdacontent 182 $cc$2rdamedia 183 $acr$2rdacarrier 200 00$aUrban Hydrogeology Studies 210 $aBasel$d2022 215 $a1 online resource (220 p.) 311 08$a3-0365-4737-1 311 08$a3-0365-4738-X 330 $aUrbanization worldwide is a pervasive phenomenon of our time, and sustainable urban development is one of the greatest challenges faced by the contemporary world. The subsurface plays a range of roles in such developments through the complex processes of urbanization, including building development, constructing roads, and providing water supplies, drainage, sanitation, and even solid waste disposal.Urban groundwater problems are usually predictable; however, they are not predicted early enough. During recent decades, progressive advances in the scientific understanding of urban hydrogeological processes and the groundwater regimes of a substantial number of cities have been documented. This extensive array of subsurface challenges that cities have to contend with lies at the core of the sustainability of the urban water cycle. This is threatened by the increasing scale and downward extent of urban subsurface construction, including utilities (cables, sewage, and drainage), transportation (tunnels, passages), and storage (cellars, parking lots, and thermal energy). The cumulative impact of this subsurface congestion on the surrounding geology, and especially on the groundwater system, has to be constantly studied and addressed.In this volume, key connections amongst urban hydrogeology activities are identified as being consistent with scientific results and good practices in their relationship to subsurface data and knowledge on subsurface systems. The volume supports a useful dialogue between the providers and consumers of urban groundwater data and knowledge, offering new perspectives on the existing research themes. 606 $aEnvironmental science, engineering and technology$2bicssc 606 $aTechnology: general issues$2bicssc 610 $a1,1,1-trichloroethane 610 $aaccidental wetland 610 $aagriculture 610 $abackfill 610 $abaseflow 610 $abioretention 610 $acatchment 610 $acement-bentonite-water ratio 610 $achalk aquifer 610 $acutoff walls 610 $adegradation 610 $adeveloping cities 610 $adrainage 610 $adrought 610 $afull-scale testing 610 $agreen infrastructure 610 $agroundwater 610 $agroundwater abstraction 610 $agroundwater flow 610 $agroundwater modeling 610 $agroundwater policy 610 $agroundwater quality 610 $ahazards 610 $aheadwater stream 610 $ahydrochemistry 610 $ahydrogeology 610 $ahydrologic performance 610 $ainfiltration of stormwater 610 $ainfrastructure 610 $aInSAR 610 $aintegrated management 610 $aland-use 610 $aleaching test 610 $amodeling 610 $an/a 610 $anature-based solutions 610 $anumerical modeling 610 $anumerical simulation 610 $aplanning 610 $aplastic concrete 610 $aregional land subsidence 610 $aresilience 610 $aroad salt 610 $aSemarang City 610 $asewer 610 $asewer system 610 $asubsurface 610 $asulphate 610 $asustainability 610 $asustainable development 610 $aurban 610 $aurban development 610 $aurban groundwater 610 $aurban hydrogeology 610 $aurban hydrology 610 $aurban planning 610 $awater budget 610 $awater cycle 615 7$aEnvironmental science, engineering and technology 615 7$aTechnology: general issues 700 $aGogu$b C. Radu$4edt$01311308 702 $aGogu$b C. Radu$4oth 906 $aBOOK 912 $a9910595070003321 996 $aUrban Hydrogeology Studies$93030226 997 $aUNINA